01481nam a2200337 a 4500001001000000003000500010005001700015008004100032010001100073011001100084040000900095090001000104100004500114245012900159260004100288500006000329502008200389590004100471590004000512590004000552650006600592650003900658650005800697856007000755901000700825942001000832942000600842999001900848952013600867952014001003000112863CHAP20220329144325.0170123s2016 mx sm |||||||spa d a109324 a110296 cCHAP aTesis1 aHernández de la Cruz, Tobías913136710aEstimación de cambio en cobertura de manglar en República Dominicanah[En línea]cpor Tobías Hernández de la Cruz. aChapingo, Méx. :bEl autor,c2016. aPara ver el contenido del material haga clic en la liga aTesis (Ing. en Recursos Naturales Renovables) -- UACH. Departamento de Suelos aE11695DGDb10c20170127lUCH01h0909 aE5765TAJb05c20170123lUCH01h1132 aE5765TAJb05c20170123lUCH01h113214aManglaresxAspectos socialeszRepública Dominicana.913137014aManglaresxConservación.913136914aManglareszRepública Dominicanay1980-2014.9131368 aFinding aiduhttp://10.13.5.2/tesis/sist112863.pdfzTeclea aquí aBK cTESIS n0 c109324d109324 00104054718TESISaBCbBCd2017-01-23fTESISl0oTesisp33724002524025r2019-12-31 00:00:00w2019-12-31yTESISzRecien adquirido 00102local4053708TESISaBCbBCcPA_TESISd2017-01-23fTESISl0oTesisp33724002524777r2019-12-31 00:00:00tc.2w2019-12-31yTESIS